Normal view
MARC view
Entry Topical Term
001 - CONTROL NUMBER
- control field: 36802
003 - CONTROL NUMBER IDENTIFIER
- control field: ARRUPE
005 - DATE AND TIME OF LATEST TRANSACTION
- control field: 20171009095108.0
008 - FIXED-LENGTH DATA ELEMENTS
- fixed length control field: 171009|| aca||aabn | a|a d
040 ## - CATALOGING SOURCE
- Original cataloging agency: ARRUPE
- Transcribing agency: ARRUPE
150 ## - HEADING--TOPICAL TERM
- Topical term or geographic name as entry element: Mandingo (African people)
- General subdivision: Social life and customs
670 ## - SOURCE DATA FOUND
- Source citation: Work cat.: (ARRUPE)62647: Laye, Camara 36800, Le Maitre de la Parole, 1978